| 000 | 00903nam a2200289 a 4500 | ||
|---|---|---|---|
| 003 | MX-MxUPN | ||
| 005 | 20231020063935.0 | ||
| 008 | 070829s1992 mx r 000 f spa d | ||
| 020 | _a8472236935 | ||
| 035 | _aUPN01000151607 | ||
| 040 |
_aMX-MxUPN _bspa _cMX-MxUPN |
||
| 041 | 1 |
_aspa _heng |
|
| 050 | 1 | 4 |
_aPS3562 I45397 _bS84 1992 |
| 100 | 1 |
_aLightman, Alan P., _d1948- _950359 |
|
| 245 | 1 | 0 | _aSueños de Einstein |
| 260 |
_aMéxico, D.F. : _bTusquets, _c1992. |
||
| 300 | _a150 páginas | ||
| 490 | 0 |
_aColección Andanzas ; _v197 |
|
| 500 | _aTraducción de: Einstein's dreams. | ||
| 600 | 1 | 4 |
_aEinstein, Albert, _d1879-1955 _vNovela _950361 |
| 650 | 4 |
_aFísicos _vNovela _950362 |
|
| 650 | 4 |
_aSueños _vNovela _950363 |
|
| 650 | 4 |
_aNovela estadounidense _ySiglo XX _916200 |
|
| 902 | _aVíctor Ruiz/191023 | ||
| 942 |
_2lcc _cLIBRO |
||
| 999 |
_c123743 _d123743 |
||